[Event "DEM U10/U10w 2006"]
[Site "Willingen GER"]
[Date "2006.06.07"]
[Round "7"]
[White "Puffay, Jana"]
[Black "Urban, Lars"]
[Result "0-1"]
[Termination "normal"]
[Board "25"]
[WhiteElo "733"]
[BlackElo "1265"]
[PlyCount "112"]
[WhiteFideId "24692360"]
[BlackFideId "4644034"]
[EventCountry "GER"]
[EventRounds "11"]
[EventType "swiss"]
[EventDate "2006.06.03"]

1. e4 e5 2. Nf3 Nc6 3. Bc4 Nf6 4. Nc3 Nxe4 5. Nxe4 d5 6. Bxd5 Qxd5 7. d3 Bg4 8.
Be3 f5 9. Nc3 Bb4 10. O-O Bxc3 11. bxc3 Bxf3 12. Qxf3 Qxf3 13. gxf3 O-O 14.
Rab1 b6 15. d4 f4 16. d5 Ne7 17. Bd2 Nxd5 18. Rb5 c6 19. Rb3 Rad8 20. c4 Nf6
21. Bc3 Rfe8 22. Re1 Nd7 23. Bb2 Re7 24. Rd3 Rde8 25. Rd6 c5 26. a4 Nf6 27. Bc1
Kf7 28. Rc6 Re6 29. Rc7+ R8e7 30. Rxe7+ Kxe7 31. Bb2 Nd7 32. h4 Rg6+ 33. Kh2
Kf6 34. Rg1 Rxg1 35. Kxg1 g5 36. h5 Kf5 37. Kg2 g4 38. Bc1 Kg5 39. fxg4 Kxg4
40. f3+ Kxh5 41. c3 Nf6 42. Bd2 Kg5 43. Be1 e4 44. fxe4 Nxe4 45. Kf3 Kf5 46.
Bh4 Nxc3 47. a5 bxa5 48. Be1 a4 49. Bxc3 a3 50. Bg7 a2 51. Bh8 h5 52. Bc3 h4
53. Kg2 Ke4 54. Kf2 h3 55. Kg1 Ke3 56. Kh1 f3 0-1

[Event "DEM U10/U10w 2006"]
[Site "Willingen GER"]
[Date "2006.06.07"]
[Round "7"]
[White "Hümmecke, Aaron"]
[Black "Stolcz, Bianca"]
[Result "1-0"]
[Termination "normal"]
[Board "26"]
[WhiteElo "1260"]
[BlackElo "1095"]
[PlyCount "135"]
[WhiteFideId "24692522"]
[BlackFideId "24654914"]
[EventCountry "GER"]
[EventRounds "11"]
[EventType "swiss"]
[EventDate "2006.06.03"]

1. e4 e5 2. f4 Bc5 3. Nf3 d6 4. Nc3 Nc6 5. Bc4 Nf6 6. d3 O-O 7. f5 a6 8. Bg5 b5
9. Bb3 h6 10. Bh4 g5 11. Nxg5 hxg5 12. Bxg5 Nb8 13. Qf3 c6 14. Bh6 Kh7 15. Bxf8
Qxf8 16. Qh3+ Kg7 17. Qg3+ Kh7 18. Qh4+ Qh6 19. Qxh6+ Kxh6 20. O-O-O b4 21. Na4
Be3+ 22. Kb1 Ng4 23. Rde1 Bd2 24. Re2 Bf4 25. Nb6 Bb7 26. Nxa8 Bxa8 27. g3 Bg5
28. Bxf7 Kg7 29. h4 Bf6 30. Bc4 d5 31. Bb3 dxe4 32. dxe4 c5 33. Bd5 Bxd5 34.
exd5 a5 35. Rd2 e4 36. d6 Nd7 37. Re2 e3 38. h5 Bd4 39. Rh4 Nh6 40. c3 bxc3 41.
bxc3 Bxc3 42. Rxe3 Be5 43. Rhe4 Bxd6 44. Re7+ Bxe7 45. Rxe7+ Kf6 46. Rxd7 Kxf5
47. Rd5+ Kg4 48. Rxc5 Kxg3 49. Rxa5 Kf4 50. Ra6 Kg5 51. Rxh6 Kxh6 52. a4 Kxh5
53. a5 Kg4 54. a6 Kf5 55. a7 Ke4 56. a8=Q+ Ke5 57. Qa4 Kd5 58. Qf4 Kc5 59. Qe4
Kb5 60. Qd4 Ka5 61. Qc4 Kb6 62. Kb2 Ka5 63. Qb3 Ka6 64. Kc3 Ka7 65. Kc4 Ka8 66.
Kc5 Ka7 67. Kc6 Ka8 68. Qb7# 1-0

[Event "DEM U10/U10w 2006"]
[Site "Willingen GER"]
[Date "2006.06.07"]
[Round "7"]
[White "Jünger, Alexander"]
[Black "Bonk, Andras"]
[Result "1/2-1/2"]
[Termination "normal"]
[Board "27"]
[WhiteElo "1197"]
[BlackElo "1084"]
[PlyCount "43"]
[BlackFideId "24692123"]
[EventCountry "GER"]
[EventRounds "11"]
[EventType "swiss"]
[EventDate "2006.06.03"]

1. e4 e5 2. Nf3 Nc6 3. d4 exd4 4. Bc4 Bc5 5. c3 dxc3 6. Bxf7+ Kxf7 7. Qd5+ Ke8
8. Qxc5 cxb2 9. Bxb2 Qe7 10. Qxe7+ Ngxe7 11. O-O Rg8 12. Ng5 h6 13. Nf3 d6 14.
Nbd2 Bg4 15. h3 Bh5 16. Ne1 Be2 17. Nc2 Bxf1 18. Rxf1 Kd7 19. f4 g5 20. f5 Ne5
21. Nf3 Nd3 22. Bc3 1/2-1/2

[Event "DEM U10/U10w 2006"]
[Site "Willingen GER"]
[Date "2006.06.07"]
[Round "7"]
[White "Bluhm, Sonja Maria"]
[Black "Schreiber, Kevin"]
[Result "1-0"]
[Termination "normal"]
[Board "30"]
[WhiteElo "963"]
[BlackElo "1156"]
[PlyCount "91"]
[WhiteFideId "24654027"]
[BlackFideId "24655830"]
[EventCountry "GER"]
[EventRounds "11"]
[EventType "swiss"]
[EventDate "2006.06.03"]

1. e4 d5 2. exd5 Qxd5 3. Nc3 Qa5 4. d4 c6 5. Nf3 Nf6 6. Bc4 Bf5 7. Bd2 Qc7 8.
Qc1 e6 9. Be3 Bd6 10. Qd2 O-O 11. O-O-O Bb4 12. Bd3 Ne4 13. Bxe4 Bxe4 14. h4
Nd7 15. h5 Bxf3 16. gxf3 Be7 17. h6 g6 18. Bf4 Qa5 19. a3 Nb6 20. Bg5 Bd6 21.
d5 e5 22. f4 Bxa3 23. bxa3 Nc4 24. Be7 Qxa3+ 25. Bxa3 Nxd2 26. Bxf8 Rxf8 27.
Rxd2 a5 28. fxe5 Rd8 29. dxc6 Rxd2 30. Kxd2 bxc6 31. Na4 Kf8 32. c4 Ke7 33. Nc5
f6 34. exf6+ Kxf6 35. Nd7+ Ke6 36. Nf8+ Kd6 37. Nxh7 Kc5 38. Ra1 Kb4 39. Kc2 c5
40. Nf6 a4 41. h7 a3 42. Rxa3 Kxa3 43. h8=Q Kb4 44. Qb8+ Kxc4 45. Qb3+ Kd4 46.
Qc3# 1-0

[Event "DEM U10/U10w 2006"]
[Site "Willingen GER"]
[Date "2006.06.07"]
[Round "7"]
[White "Priese, Annika"]
[Black "Nitsche-Hahn, Raphael"]
[Result "0-1"]
[Termination "normal"]
[Board "31"]
[WhiteElo "1000"]
[BlackElo "1392"]
[PlyCount "96"]
[WhiteFideId "24673730"]
[BlackFideId "4613120"]
[EventCountry "GER"]
[EventRounds "11"]
[EventType "swiss"]
[EventDate "2006.06.03"]

1. e4 c5 2. Nf3 Nc6 3. d4 cxd4 4. Nxd4 g6 5. Nc3 Bg7 6. Be3 Nf6 7. Be2 O-O 8.
O-O d5 9. exd5 Nxd5 10. Nxd5 Bxd4 11. Bxd4 Qxd5 12. c3 Nxd4 13. cxd4 Bf5 14.
Rc1 Qxa2 15. Qd2 Qe6 16. Rfe1 Qd6 17. Bf3 Rab8 18. Rc3 b6 19. Rce3 Rfe8 20. Be2
Rbc8 21. Bb5 Rc2 22. Qd1 Rd8 23. Rxe7 Qxd4 24. Qxd4 Rxd4 25. Rxa7 Rxb2 26. Bf1
Bd3 27. Bxd3 Rxd3 28. h3 Rdd2 29. Re8+ Kg7 30. Ree7 Rxf2 31. g4 Rg2+ 32. Kf1
Rgf2+ 33. Kg1 b5 34. h4 Rbe2 35. Reb7 Rb2 36. Re7 Rf4 37. g5 b4 38. Ra8 Rd4 39.
Kf1 Rd1+ 40. Re1 Rxe1+ 41. Kxe1 Rh2 42. Kd1 Rxh4 43. Kc2 Rh3 44. Kb2 b3 45. Rb8
Rg3 46. Rb5 Rf3 47. Rc5 h6 48. gxh6+ Kxh6 0-1

[Event "DEM U10/U10w 2006"]
[Site "Willingen GER"]
[Date "2006.06.07"]
[Round "7"]
[White "Srokovskiy, Andrea"]
[Black "Volz, Alexander"]
[Result "0-1"]
[Termination "normal"]
[Board "32"]
[WhiteElo "940"]
[BlackElo "1366"]
[PlyCount "54"]
[WhiteFideId "4624947"]
[BlackFideId "4669126"]
[EventCountry "GER"]
[EventRounds "11"]
[EventType "swiss"]
[EventDate "2006.06.03"]

1. e4 e5 2. Nf3 Nc6 3. Bc4 Be7 4. d3 Nf6 5. Nc3 d6 6. h3 O-O 7. Be3 Be6 8. Nd5
Bxd5 9. exd5 Nb4 10. Bg5 Nbxd5 11. Bxf6 Nxf6 12. d4 e4 13. Nh4 d5 14. Be2 Qd7
15. Bg4 Nxg4 16. Qxg4 Qxg4 17. hxg4 g6 18. f3 exf3 19. gxf3 Rfe8 20. O-O-O Bg5+
21. Kb1 Re2 22. c3 Rae8 23. Rdf1 Rd2 24. Rc1 Ree2 25. Rcf1 Rxb2+ 26. Ka1 Rxa2+
27. Kb1 Reb2# 0-1

[Event "DEM U10/U10w 2006"]
[Site "Willingen GER"]
[Date "2006.06.07"]
[Round "7"]
[White "Dang, An-Hai"]
[Black "Imgrunt, Philipp"]
[Result "0-1"]
[Termination "normal"]
[Board "33"]
[WhiteElo "1334"]
[BlackElo "982"]
[PlyCount "42"]
[BlackFideId "1271139"]
[EventCountry "GER"]
[EventRounds "11"]
[EventType "swiss"]
[EventDate "2006.06.03"]

1. e4 e5 2. Nf3 Nf6 3. Nxe5 d6 4. Nf3 Nxe4 5. Be2 Be7 6. O-O O-O 7. Re1 Nc6 8.
Bb5 Ng5 9. d3 Bg4 10. Bxg5 Bxg5 11. Nc3 Nd4 12. Re3 c6 13. Ba4 Re8 14. Rxe8+
Qxe8 15. h3 Nxf3+ 16. gxf3 Bxh3 17. Ne4 Qe7 18. Qe2 d5 19. Re1 h6 20. Nxg5
Qxg5+ 21. Kh1 Qg2# 0-1

[Event "DEM U10/U10w 2006"]
[Site "Willingen GER"]
[Date "2006.06.07"]
[Round "7"]
[White "Pfadenhauer, Johannes"]
[Black "Kuckling, Hannah"]
[Result "1-0"]
[Termination "normal"]
[Board "34"]
[WhiteElo "1281"]
[BlackElo "876"]
[PlyCount "73"]
[WhiteFideId "24615269"]
[BlackFideId "24603660"]
[EventCountry "GER"]
[EventRounds "11"]
[EventType "swiss"]
[EventDate "2006.06.03"]

1. d4 Nf6 2. c4 c5 3. d5 b5 4. e3 bxc4 5. Bxc4 g6 6. Nc3 Bg7 7. Nf3 O-O 8. O-O
d6 9. Re1 Bb7 10. Qb3 Bc8 11. h3 Bf5 12. e4 Bd7 13. Bg5 Re8 14. Qb7 Na6 15.
Qxa6 Rb8 16. Bb3 Qc7 17. Bxf6 Bxf6 18. Qe2 Rb6 19. Nh2 Reb8 20. Ng4 Bg7 21.
Rac1 Qc8 22. Ne3 e6 23. h4 exd5 24. Nexd5 R6b7 25. Ne7+ Kf8 26. Nxc8 Rxc8 27.
h5 g5 28. Qf3 Bc6 29. Rcd1 Rd8 30. Qg3 Bh6 31. Rxd6 Rbd7 32. Rxc6 Kg7 33. f4 f6
34. fxg5 fxg5 35. Qe5+ Kf8 36. Rxh6 Re7 37. Qh8# 1-0

[Event "DEM U10/U10w 2006"]
[Site "Willingen GER"]
[Date "2006.06.07"]
[Round "7"]
[White "Lagunov, Elina"]
[Black "Nelson, Philip"]
[Result "0-1"]
[Termination "normal"]
[Board "35"]
[WhiteElo "857"]
[BlackElo "1103"]
[PlyCount "114"]
[WhiteFideId "4673387"]
[EventCountry "GER"]
[EventRounds "11"]
[EventType "swiss"]
[EventDate "2006.06.03"]

1. e4 e6 2. d4 d5 3. exd5 exd5 4. Bd3 Bd6 5. Nf3 Bg4 6. O-O Ne7 7. Be3 O-O 8.
Qe2 Nbc6 9. Nbd2 Nb4 10. Bb5 Nxc2 11. Rac1 Nxe3 12. fxe3 c6 13. Bd3 Bf5 14. e4
dxe4 15. Nxe4 Bxe4 16. Qxe4 Ng6 17. Rce1 Qe8 18. Qf5 Qc8 19. Qxc8 Raxc8 20. Ne5
Bxe5 21. dxe5 Rfe8 22. Bxg6 hxg6 23. Re2 f6 24. Rfe1 fxe5 25. Rxe5 Rxe5 26.
Rxe5 Kf7 27. Kf2 Re8 28. Rxe8 Kxe8 29. Ke3 Ke7 30. Kf4 Kf6 31. h4 b5 32. g3 a5
33. g4 c5 34. h5 gxh5 35. gxh5 c4 36. Kg4 b4 37. Kf3 Kg5 38. Ke3 Kxh5 39. Kd4
g5 40. Kxc4 g4 41. Kb5 g3 42. Kxa5 g2 43. Kxb4 g1=Q 44. a4 Qb6+ 45. Ka3 Kg4 46.
b4 Kf5 47. a5 Qb5 48. Kb3 Ke5 49. Kc3 Kd5 50. Kd2 Qxb4+ 51. Ke3 Qxa5 52. Kf4
Kd4 53. Kf3 Qe5 54. Kg4 Ke4 55. Kh4 Qg7 56. Kh5 Kf5 57. Kh4 Qg4# 0-1

[Event "DEM U10/U10w 2006"]
[Site "Willingen GER"]
[Date "2006.06.07"]
[Round "7"]
[White "Haryanto, Selina"]
[Black "Manusina, Nicole"]
[Result "1/2-1/2"]
[Termination "normal"]
[Board "36"]
[WhiteElo "979"]
[BlackElo "1110"]
[PlyCount "76"]
[BlackFideId "24657514"]
[EventCountry "GER"]
[EventRounds "11"]
[EventType "swiss"]
[EventDate "2006.06.03"]

1. e4 e5 2. Nf3 d6 3. Bc4 Be7 4. Nc3 Nf6 5. d4 Nbd7 6. Bg5 O-O 7. O-O b6 8. Qd2
Bb7 9. Rfe1 Re8 10. Rad1 c6 11. b4 h6 12. Bh4 Nf8 13. a4 Ng6 14. Bg3 Bf8 15. d5
Nh5 16. b5 c5 17. Qe3 Nxg3 18. fxg3 Be7 19. h4 h5 20. Rf1 Rf8 21. Ra1 f5 22.
Bd3 f4 23. Qf2 Rc8 24. Bc4 Qd7 25. gxf4 Rxf4 26. g3 Rg4 27. Rad1 Rf8 28. Be2
Nf4 29. Kh2 Nxe2 30. Qxe2 Bc8 31. Ng1 Qe8 32. Rd3 Rf6 33. Rdf3 Rfg6 34. Qf2 Qd7
35. Nge2 Kh7 36. Rf5 Bxh4 37. Rxh5+ Rh6 38. Rxh6+ Kxh6 1/2-1/2

[Event "DEM U10/U10w 2006"]
[Site "Willingen GER"]
[Date "2006.06.07"]
[Round "7"]
[White "Steimbach, Isabel"]
[Black "Hauffen, Franziska"]
[Result "0-1"]
[Termination "normal"]
[Board "37"]
[WhiteElo "975"]
[BlackElo "1084"]
[PlyCount "130"]
[WhiteFideId "24692174"]
[EventCountry "GER"]
[EventRounds "11"]
[EventType "swiss"]
[EventDate "2006.06.03"]

1. e4 e5 2. Nf3 Nc6 3. Bb5 a6 4. Bxc6 dxc6 5. O-O Bg4 6. Nc3 Nf6 7. h3 Bh5 8.
d3 Be7 9. Be3 O-O 10. Qe2 Qd6 11. Rad1 c5 12. g4 Bg6 13. Nh4 b6 14. f4 exf4 15.
Bxf4 Qd4+ 16. Be3 Qd6 17. Bf2 Qe5 18. Nf3 Qf4 19. g5 Nh5 20. Nd5 Qd6 21. Nxe7+
Qxe7 22. Qe3 Qe6 23. Nh4 Qxa2 24. Bg3 Qe6 25. Bxc7 Rac8 26. Bh2 Qe7 27. c3 b5
28. Nxg6 fxg6 29. Rxf8+ Rxf8 30. Rf1 Rxf1+ 31. Kxf1 Qf8+ 32. Qf2 Qd8 33. h4
Qxd3+ 34. Kg1 Qd1+ 35. Kg2 Qg4+ 36. Kf1 Qh3+ 37. Ke2 Qg4+ 38. Kf1 Qh3+ 39. Ke2
Qg4+ 40. Kf1 Qxe4 41. Kg1 h6 42. Qxc5 Qb1+ 43. Kg2 Qxb2+ 44. Kg1 Qb1+ 45. Kg2
Qe4+ 46. Kg1 Qg4+ 47. Kf1 Qf5+ 48. Qxf5 gxf5 49. g6 Nf6 50. Ke2 Kf8 51. Kd3 a5
52. c4 bxc4+ 53. Kxc4 Ke7 54. Kb5 Ke6 55. Kxa5 Nd5 56. Kb5 f4 57. Kc4 Ne3+ 58.
Kd3 Ke5 59. h5 Kf5 60. Ke2 Ke4 61. Kf2 Ng4+ 62. Kg1 Nxh2 63. Kxh2 Ke3 64. Kg1
Ke2 65. Kg2 f3+ 0-1

[Event "DEM U10/U10w 2006"]
[Site "Willingen GER"]
[Date "2006.06.07"]
[Round "7"]
[White "Geise, Maria"]
[Black "Hellwig, Immo"]
[Result "0-1"]
[Termination "normal"]
[Board "38"]
[WhiteElo "942"]
[BlackElo "1074"]
[PlyCount "90"]
[EventCountry "GER"]
[EventRounds "11"]
[EventType "swiss"]
[EventDate "2006.06.03"]

1. e4 d5 2. exd5 Qxd5 3. Nf3 Nf6 4. Nc3 Qa5 5. d4 Bf5 6. Bc4 c6 7. Bf4 e6 8. a3
Ne4 9. Bd2 Nxd2 10. Qxd2 Bd6 11. O-O Qc7 12. Rfe1 O-O 13. h3 Nd7 14. Nh4 Bf4
15. Qd1 Bg6 16. Nxg6 hxg6 17. Ne2 Bh6 18. Ng3 Nf6 19. Ne4 Qf4 20. Nxf6+ Qxf6
21. c3 Rad8 22. Qc2 Rfe8 23. Rad1 Rd7 24. d5 b5 25. Bd3 Rxd5 26. Be4 Rxd1 27.
Rxd1 c5 28. Bc6 Rb8 29. a4 a6 30. axb5 axb5 31. b3 Rb6 32. Bf3 c4 33. bxc4 bxc4
34. Be2 Rb3 35. Rd4 Bf4 36. Rxc4 Ra3 37. Bh5 Be5 38. Rc8+ Kh7 39. c4 Rc3 40.
Qb1 Qf5 41. Bxg6+ Qxg6 42. Qd1 Qg5 43. Qb1+ g6 44. g4 Rc1+ 45. Qxc1 Qxc1+ 0-1

[Event "DEM U10/U10w 2006"]
[Site "Willingen GER"]
[Date "2006.06.07"]
[Round "7"]
[White "Schmalhorst, Sophia"]
[Black "Bakalarz, Bianca"]
[Result "1/2-1/2"]
[Termination "normal"]
[Board "39"]
[WhiteElo "879"]
[BlackElo "1033"]
[PlyCount "83"]
[WhiteFideId "24682497"]
[EventCountry "GER"]
[EventRounds "11"]
[EventType "swiss"]
[EventDate "2006.06.03"]

1. e4 c5 2. Nf3 e6 3. Nc3 Nc6 4. d4 cxd4 5. Nxd4 Nf6 6. Bb5 Bb4 7. Bg5 O-O 8.
Qd3 Ne5 9. Qe2 h6 10. Bh4 Qc7 11. Bxf6 Bxc3+ 12. Kf1 Bxd4 13. Bh4 b6 14. c3 Bc5
15. Bg3 Bd6 16. Rd1 a6 17. Bd3 Nxd3 18. Qxd3 Bxg3 19. hxg3 a5 20. Ke1 Ba6 21.
Qxd7 Qxd7 22. Rxd7 Rfd8 23. Rd1 Rxd1+ 24. Kxd1 Rd8+ 25. Kc2 Bd3+ 26. Kc1 Bxe4
27. f3 Bc6 28. Kc2 e5 29. Re1 f6 30. a3 Re8 31. Kd3 Kf7 32. g4 e4+ 33. fxe4
Bxe4+ 34. Rxe4 Rxe4 35. Kxe4 Ke6 36. b4 axb4 37. cxb4 b5 38. Kd4 Kd6 39. Ke4
Ke6 40. Kd4 Kd6 41. Ke4 g6 42. g3 1/2-1/2

[Event "DEM U10/U10w 2006"]
[Site "Willingen GER"]
[Date "2006.06.07"]
[Round "7"]
[White "Palm, Sören"]
[Black "Schumacher, Wendy"]
[Result "1-0"]
[Termination "normal"]
[Board "40"]
[WhiteElo "1023"]
[BlackElo "880"]
[PlyCount "57"]
[WhiteFideId "12925853"]
[EventCountry "GER"]
[EventRounds "11"]
[EventType "swiss"]
[EventDate "2006.06.03"]

1. e4 c6 2. c4 Nf6 3. Nc3 e6 4. d4 d5 5. e5 Ne4 6. Nxe4 dxe4 7. f3 exf3 8. Nxf3
Nd7 9. Bd3 Be7 10. O-O c5 11. Be3 b6 12. Nd2 Bb7 13. Qh5 g6 14. Qe2 O-O 15. Bh6
Re8 16. Qf2 f6 17. Qg3 cxd4 18. Bxg6 Kh8 19. Bxe8 Bf8 20. Bxf8 Nxf8 21. exf6
Qxe8 22. f7 Ng6 23. fxe8=Q+ Rxe8 24. Rf7 Bc6 25. Qh3 Nf8 26. Raf1 Kg8 27. Rxf8+
Rxf8 28. Qg3+ Kh8 29. Rxf8# 1-0

[Event "DEM U10/U10w 2006"]
[Site "Willingen GER"]
[Date "2006.06.07"]
[Round "7"]
[White "Schulze, Tabea"]
[Black "Nitzsche, Pia"]
[Result "1-0"]
[Termination "normal"]
[Board "41"]
[WhiteElo "869"]
[BlackElo "1012"]
[PlyCount "107"]
[BlackFideId "12900370"]
[EventCountry "GER"]
[EventRounds "11"]
[EventType "swiss"]
[EventDate "2006.06.03"]

1. e4 c5 2. c3 d6 3. d4 cxd4 4. cxd4 Nc6 5. Nf3 Nf6 6. Bd3 g6 7. h3 Bg7 8. O-O
O-O 9. Nc3 Bd7 10. Be3 Qc7 11. Qd2 a6 12. Nd5 Nxd5 13. exd5 Na5 14. Bh6 b5 15.
Qf4 Rfc8 16. Ng5 Rf8 17. Qh4 f5 18. Bxg7 Kxg7 19. Qxh7+ Kf6 20. g3 Qd8 21. Qh4
Kg7 22. Rfe1 Rh8 23. Qf4 Kf8 24. Re6 Ke8 25. Rxg6 Rf8 26. Qh4 Qc8 27. Qh5 Kd8
28. Rg7 Be8 29. Nf7+ Bxf7 30. Rxf7 Rxf7 31. Qxf7 f4 32. Bg6 Qxh3 33. Qxf4 Kc7
34. Rc1+ Kb6 35. Bf5 Qh8 36. Qg5 Re8 37. Qd2 Nc4 38. Qc3 Qh6 39. Be4 Qf6 40. b3
Rc8 41. bxc4 Rxc4 42. Qb2 Rxd4 43. Qc3 Rc4 44. Qe1 Qb2 45. Rxc4 bxc4 46. Qe3+
Ka5 47. Qe1+ Ka4 48. Qb1 Qa3 49. Bc2+ Ka5 50. g4 Qh3 51. g5 Qg4+ 52. Kf1 Qxg5
53. a3 Qxd5 54. Qb4# 1-0

[Event "DEM U10/U10w 2006"]
[Site "Willingen GER"]
[Date "2006.06.07"]
[Round "7"]
[White "Püschel, Torben"]
[Black "Schrötter, Luisa"]
[Result "1-0"]
[Termination "normal"]
[Board "43"]
[WhiteElo "937"]
[BlackElo "748"]
[PlyCount "73"]
[EventCountry "GER"]
[EventRounds "11"]
[EventType "swiss"]
[EventDate "2006.06.03"]

1. d4 d5 2. c4 c6 3. Nc3 Nf6 4. Bg5 Bf5 5. Nf3 e6 6. Qb3 Be7 7. Qxb7 Nbd7 8.
Qxc6 Qb6 9. Qxa8+ Nb8 10. c5 Qc7 11. Nb5 Qc8 12. Bxf6 Bxf6 13. Nd6+ Kd8 14.
Nxc8 Kxc8 15. Qxa7 Re8 16. e3 Re7 17. Ba6+ Nxa6 18. Qxa6+ Kc7 19. O-O Re8 20.
c6 Kd6 21. Rfc1 Ke7 22. c7 e5 23. dxe5 Kf8 24. exf6 gxf6 25. Qxf6 Be6 26. c8=Q
Bxc8 27. Rxc8 Rxc8 28. Qh8+ Ke7 29. Qxc8 f6 30. Qc7+ Ke6 31. Qxh7 f5 32. Qg6+
Kd7 33. Rc1 Kd8 34. Qg7 f4 35. exf4 d4 36. Nxd4 Ke8 37. Rc8# 1-0

[Event "DEM U10/U10w 2006"]
[Site "Willingen GER"]
[Date "2006.06.07"]
[Round "7"]
[White "Rahimi, Anita"]
[Black "Hirschmann, Jakob"]
[Result "1-0"]
[Termination "normal"]
[Board "44"]
[WhiteElo "849"]
[BlackElo "1042"]
[PlyCount "131"]
[WhiteFideId "24692336"]
[BlackFideId "24652067"]
[EventCountry "GER"]
[EventRounds "11"]
[EventType "swiss"]
[EventDate "2006.06.03"]

1. e4 e5 2. f4 exf4 3. Nf3 Nc6 4. d4 d6 5. Bxf4 Nf6 6. Nc3 Be7 7. Bc4 O-O 8.
O-O Be6 9. d5 Na5 10. Bd3 Bd7 11. b4 Nh5 12. Be3 Bh4 13. bxa5 Bg4 14. h3 Bd7
15. Bf2 Bxf2+ 16. Rxf2 Qc8 17. Ng5 Nf6 18. Rb1 h6 19. Nf3 Nh5 20. Ne2 b6 21.
axb6 axb6 22. Rb2 Rb8 23. Qd2 Nf6 24. Ng3 Nh7 25. Nf5 Bxf5 26. exf5 Nf6 27. Rb1
Nxd5 28. Be4 Nf6 29. Bd3 c5 30. c4 Qd7 31. Re1 Rbd8 32. Rd1 d5 33. Ne5 Qd6 34.
Re2 dxc4 35. Bxc4 Qxd2 36. Rexd2 Rxd2 37. Rxd2 Ne4 38. Rd7 Ng5 39. h4 Ne4 40.
Bxf7+ Kh7 41. Bg6+ Kg8 42. Re7 Nc3 43. a3 Nd5 44. Bf7+ Rxf7 45. Rxf7 Nf4 46.
Rb7 Nd5 47. Kf2 Kf8 48. Rf7+ Kg8 49. Kf3 b5 50. Kg4 c4 51. Kh5 c3 52. Rd7 c2
53. Rd8+ Kh7 54. Nf7 g6+ 55. fxg6+ Kg7 56. Rc8 Ne3 57. Rc7 Kf8 58. Rc8+ Kg7 59.
Rc7 Kg8 60. Kxh6 Nf5+ 61. Kg5 Ne3 62. h5 Kg7 63. h6+ Kf8 64. g7+ Kg8 65. Rc8+
Kxf7 66. g8=Q+ 1-0

[Event "DEM U10/U10w 2006"]
[Site "Willingen GER"]
[Date "2006.06.07"]
[Round "7"]
[White "Michalik, Marina"]
[Black "Schreiber, Justina"]
[Result "1-0"]
[Termination "normal"]
[Board "46"]
[WhiteElo "834"]
[BlackElo "855"]
[PlyCount "65"]
[BlackFideId "24661570"]
[EventCountry "GER"]
[EventRounds "11"]
[EventType "swiss"]
[EventDate "2006.06.03"]

1. e4 d5 2. exd5 Qxd5 3. Nc3 Qa5 4. Nf3 Nf6 5. Be2 Bg4 6. d4 e6 7. O-O Bd6 8.
Be3 Qh5 9. h3 Bxh3 10. g3 Qg6 11. Nh4 Bxg3 12. Nxg6 hxg6 13. Re1 Bd6 14. Bf3 c6
15. Bg5 Nbd7 16. Qd3 Ke7 17. d5 Bf5 18. Qe2 Bh2+ 19. Kg2 Bd6 20. Rh1 Ne5 21.
dxc6 Nxf3 22. Qxf3 b6 23. Nb5 Rxh1 24. Rxh1 a6 25. Nxd6 Kxd6 26. Rd1+ Kc7 27.
Bf4+ Kc8 28. c7 Be4 29. Rd8+ Kb7 30. Rxa8 Bxf3+ 31. Kxf3 Kxa8 32. c8=Q+ Ka7 33.
Qb8# 1-0

[Event "DEM U10/U10w 2006"]
[Site "Willingen GER"]
[Date "2006.06.07"]
[Round "7"]
[White "G., Diana"]
[Black "Bajorski, Maria Sophie"]
[Result "0-1"]
[Termination "normal"]
[Board "47"]
[WhiteElo "769"]
[BlackElo "818"]
[PlyCount "58"]
[WhiteFideId "12964700"]
[BlackFideId "24654531"]
[EventCountry "GER"]
[EventRounds "11"]
[EventType "swiss"]
[EventDate "2006.06.03"]

1. e4 c5 2. Nf3 e6 3. Nc3 Qc7 4. d4 cxd4 5. Nxd4 Nf6 6. Bd3 d6 7. Be3 a6 8. O-O
Be7 9. Qf3 Nbd7 10. Qg3 O-O 11. Bh6 Nh5 12. Qg4 Ndf6 13. Qg5 e5 14. Be2 Nxe4
15. Bxh5 Bxg5 16. Nxe4 Bxh6 17. Nb3 Qxc2 18. Rab1 Qxe4 19. Rfe1 Qc6 20. Bf3 Qd7
21. Na5 Qc7 22. Nb3 Bf5 23. Rbd1 Rac8 24. g3 Bh3 25. Bh1 Qc2 26. Rxd6 Qxb2 27.
Rd2 Bxd2 28. Ra1 Qxa1+ 29. Nxa1 Rc1# 0-1

[Event "DEM U10/U10w 2006"]
[Site "Willingen GER"]
[Date "2006.06.07"]
[Round "7"]
[White "Klemm, Lisa-Marie"]
[Black "Grzeca, Carmen"]
[Result "1-0"]
[Termination "normal"]
[Board "49"]
[WhiteElo "795"]
[BlackElo "858"]
[PlyCount "59"]
[EventCountry "GER"]
[EventRounds "11"]
[EventType "swiss"]
[EventDate "2006.06.03"]

1. e4 e5 2. Nf3 Nc6 3. Bc4 Bc5 4. c3 Nf6 5. d4 exd4 6. cxd4 Bb4+ 7. Nc3 Nxe4 8.
O-O Nxc3 9. bxc3 Bxc3 10. Ba3 d6 11. Rc1 Ba5 12. Qa4 O-O 13. d5 Ne5 14. Nxe5
dxe5 15. Bxf8 Kxf8 16. Qxa5 Kg8 17. Rfe1 b6 18. Qd2 Qd6 19. f4 f6 20. Rf1 c6
21. Rfd1 b5 22. Bb3 Bb7 23. dxc6+ Kh8 24. Qxd6 h6 25. Bc2 g6 26. Qxf6+ Kg8 27.
Qxg6+ Kf8 28. cxb7 Rb8 29. Rd7 Rxb7 30. Qf7# 1-0